Isla de dos (Record no. 74317)

MARC details
000 -LEADER
campo de control de longitud fija 00569nam a2200193 i 4500
001 - NÚMERO DE CONTROL
campo de control 74317
003 - IDENTIFICADOR DE NÚMERO DE CONTROL
campo de control ES-MaACL
005 - FECHA Y HORA DE LA ÚLTIMA TRANSACCIÓN
campo de control 20230906172103.0
007 - CAMPO FIJO DE DESCRIPCIÓN FÍSICA--INFORMACIÓN GENERAL
campo de control de longitud fija t|
008 - DATOS DE LONGITUD FIJA--INFORMACIÓN GENERAL
campo de control de longitud fija 040917s1953 sp ||||1| spa d
100 1# - ENTRADA PRINCIPAL--NOMBRE DE PERSONA
Nombre de persona González Garcés, Miguel.
9 (RLIN) 58644
245 10 - MENCIÓN DEL TÍTULO
Título Isla de dos
Resto del título : (poesía) /
Mención de responsabilidad, etc. Miguel González Garcés.
260 ## - PUBLICACIÓN, DISTRIBUCIÓN, ETC.
Lugar de publicación, distribución, etc. Madrid :
Nombre del editor, distribuidor, etc. [s.n,
Fecha de publicación, distribución, etc. 1953] (
Fabricante Imp. I. Méndez)
300 ## - DESCRIPCIÓN FÍSICA
Extensión 77 p. ;
Dimensiones 18 cm.
490 1# - MENCIÓN DE SERIE
Mención de serie Colección Palma ;
Designación de volumen o secuencia 5
830 0# - PUNTO DE ACCESO ADICIONAL DE SERIE-TÍTULO UNIFORME
Título uniforme Colección Palma ;
Designación de volumen o secuencia 5
9 (RLIN) 183440
852 ## - LOCALIZACIÓN
Ubicación ES-MaACL
Número de control de estantería 1955-F-5
Sublocalización o colección R.34613
Holdings
Estatus retirado Estado de pérdida Estado de daño No para préstamo Colección Biblioteca de origen Biblioteca actual Ubicación en estantería Fecha de adquisición Fuente de adquisición Total de préstamos Signatura topográfica completa Código de barras Visto por última vez Precio de reemplazo Tipo de ítem Koha
        Colección de folletos Biblioteca del Ateneo de Madrid Biblioteca del Ateneo de Madrid Depósito folletos 17/01/2008     1955-F-5 1077793 23/02/2023 23/02/2023 Folleto